Vainqueurs UEFA Champions League (1956-) - Statistiques

Statistiques générales
  • Ce quiz a été pris 753 fois
  • Le résultat moyen est 54 sur 68
Statistiques - réponses
Année Stade hôte Club % Correct
1956 Parc des Princes, Paris Real Madrid
100%
1957 Stade Santiago-Bernabéu, Madrid Real Madrid
100%
1958 Stade du Heysel, Bruxelles Real Madrid
100%
1959 Neckarstadion, Stuttgart Real Madrid
100%
1960 Hampden Park, Glasgow Real Madrid
100%
1966 Stade du Heysel, Bruxelles Real Madrid
100%
1998 Amsterdam ArenA, Amsterdam Real Madrid
100%
2000 Stade de France, Saint-Denis Real Madrid
100%
2002 Hampden Park, Glasgow Real Madrid
100%
2014 Estadio da Luz, Lisbonne Real Madrid
100%
2016 Stade Giuseppe-Meazza, Milan Real Madrid
100%
2017 Millenium Stadium, Cardiff Real Madrid
100%
2018 Stade olympique, Kiev Real Madrid
100%
2022 Stade de France, Saint-Denis Real Madrid
100%
1992 Stade de Wembley, Londres FC Barcelone
97%
2006 Stade de France, Saint-Denis FC Barcelone
97%
2009 Stade olympique, Rome FC Barcelone
97%
2011 Stade de Wembley, Londres FC Barcelone
97%
2015 Stade olympique, Berlin FC Barcelone
97%
2023 Stade olympique Atatürk, Istanbul Manchester City
96%
1974 Stade du Heysel, Bruxelles Bayern Munich
93%
1975 Parc des Princes, Paris Bayern Munich
93%
1976 Hampden Park, Glasgow Bayern Munich
93%
2001 Stade Giuseppe-Meazza, Milan Bayern Munich
93%
2013 Stade de Wembley, Londres Bayern Munich
93%
2020 Estadio da Luz, Lisbonne Bayern Munich
93%
1969 Stade Santiago-Bernabéu, Madrid AC Milan
91%
1990 Stade Prater, Vienne AC Milan
91%
1994 Stade olympique, Athènes AC Milan
91%
2003 Old Trafford, Manchester AC Milan
91%
2007 Stade olympique, Athènes AC Milan
91%
1963 Stade de Wembley, Londres AC Milan
91%
1989 Camp Nou, Barcelone AC Milan
91%
1968 Stade du Heysel, Bruxelles Manchester United
91%
1999 Camp Nou, Barcelone Manchester United
91%
2008 Stade Loujniki, Moscou Manchester United
91%
1964 Stade Prater, Vienne Inter Milan
91%
1965 Stade San Siro, Milan Inter Milan
91%
2010 Stade Santiago-Bernabéu, Madrid Inter Milan
91%
1993 Stade olympique, Munich Olympique de Marseille
91%
1985 Stade du Heysel, Bruxelles Juventus Turin
77%
1996 Stade olympique, Rome Juventus Turin
77%
1997 Stade olympique, Munich Borussia Dortmund
76%
1971 Stade de Wembley, Londres Ajax Amsterdam
73%
1972 Stade Feijenoord, Rotterdam Ajax Amsterdam
73%
1973 Stade de l'Etoile Rouge, Belgrade Ajax Amsterdam
73%
1995 Stade Ernst-Happel, Vienne Ajax Amsterdam
73%
1977 Stade olympique, Rome Liverpool FC
70%
1978 Stade de Wembley, Londres Liverpool FC
70%
1961 Stade du Wankdorf, Berne Benfica Lisbonne
63%
1962 Stade olympique, Amsterdam Benfica Lisbonne
63%
2012 FuBall Arena München, Munich Chelsea FC
61%
2021 Stade du Dragon, Porto Chelsea FC
61%
1979 Stade olympique de Munich Nottingham Forest
57%
1980 Stade Santiago-Bernabéu, Madrid Nottingham Forest
57%
1987 Stade Prater, Vienne FC Porto
56%
2004 Arena AufSchalke, Gelsenkirchen FC Porto
56%
1981 Parc des Princes, Paris Liverpool FC
54%
1984 Stade olympique, Rome Liverpool FC
54%
2005 Stade olympique Atatürk, Istanbul Liverpool FC
54%
2019 Stade Metropolitano, Madrid Liverpool FC
54%
1991 Stade San Nicola, Bari Etoile Rouge de Belgrade
53%
1982 Stade Feijenoord, Rotterdam Aston Villa
41%
1967 Stade national, Lisbonne Celtic Glasgow
39%
1970 Stade San Siro, Milan Feyenoord Rotterdam
33%
1986 Stade Ramon Sanchez Pizjuan, Séville Steaua Bucarest
29%
1988 Neckarstadion, Stuttgart PSV Eindhoven
27%
1983 Stade olympique, Athènes Hambourg SV
17%
Aucun quiz correspondant
Distribution des résultats
% des personnes avec chaque résultat
Percentile par nombre de réponses
Votre historique - résultats
Vous n’avez pas pris ce quiz